Nueve cuentos / (Record no. 137798)

MARC details
000 -LEADER
campo de control de longitud fija 00616nam a2200217 4500
001 - NÚMERO DE CONTROL
campo de control 137798
003 - IDENTIFICADOR DE NÚMERO DE CONTROL
campo de control ES-MaACL
005 - FECHA Y HORA DE LA ÚLTIMA TRANSACCIÓN
campo de control 20230906195437.0
007 - CAMPO FIJO DE DESCRIPCIÓN FÍSICA--INFORMACIÓN GENERAL
campo de control de longitud fija t|
008 - DATOS DE LONGITUD FIJA--INFORMACIÓN GENERAL
campo de control de longitud fija 070214s1986 sp r ||||1| spa d
100 1# - ENTRADA PRINCIPAL--NOMBRE DE PERSONA
Nombre de persona Salinger, J. D.
9 (RLIN) 101958
245 10 - MENCIÓN DEL TÍTULO
Título Nueve cuentos /
Mención de responsabilidad, etc. J. D. Salinger ; traducción de Elena Rius.
250 ## - MENCION DE EDICION
Mención de edición 1ª ed.
260 ## - PUBLICACIÓN, DISTRIBUCIÓN, ETC.
Lugar de publicación, distribución, etc. Barcelona :
Nombre del editor, distribuidor, etc. Edhasa,
Fecha de publicación, distribución, etc. 1986.
300 ## - DESCRIPCIÓN FÍSICA
Extensión 226 p. ;
Dimensiones 20 cm.
490 1# - MENCIÓN DE SERIE
Mención de serie Narrativas contemporáneas
700 1# - ENTRADA AGREGADA--NOMBRE PERSONAL
Nombre de persona Rius, Elena.
9 (RLIN) 97512
830 0# - PUNTO DE ACCESO ADICIONAL DE SERIE-TÍTULO UNIFORME
Título uniforme Narrativas contemporáneas
9 (RLIN) 181387
852 ## - LOCALIZACIÓN
Ubicación ES-MaACL
Número de control de estantería L-9971
Sublocalización o colección R.112070
Holdings
Estatus retirado Estado de pérdida Estado de daño No para préstamo Biblioteca de origen Biblioteca actual Ubicación en estantería Fecha de adquisición Fuente de adquisición Total de préstamos Signatura topográfica completa Código de barras Visto por última vez Precio de reemplazo Tipo de ítem Koha
        Biblioteca del Ateneo de Madrid Biblioteca del Ateneo de Madrid Depósito 2 17/01/2008     L-9971 1143398 23/02/2023 23/02/2023 Libro impreso